000 00597cam a2200205 4500500
005 20260405002133.0
041 _afre
042 _adc
100 1 0 _aBurgart Goutal, Jeanne
_eauthor
245 0 0 _aCahiers pour une morale à l’école. 2.Juger
260 _c2016.
500 _a24
690 _aBien
690 _aÉcole
690 _aEnseignement
690 _aMal
690 _aMorale
786 0 _nPhilosophie magazine | 96 | 2 | 2016-02-01 | p. 27-27 | 1951-1787
856 4 1 _uhttps://shs.cairn.info/magazine-philosophie-magazine-2016-2-page-27?lang=fr&redirect-ssocas=7080
999 _c2054633
_d2054633